Lord of the Rings Elves - Sudden Death - Statistics

General Stats
  • This quiz has been taken 61 times
    38 since last reset
  • The average score is 7 of 15
Answers on the Grid
Answers color-coded by a green-red scale on the quiz's grid according to % correct below.
Elrohir
Elrond
Finwë
Maglor
Glorfindel
Elladan
Turgon
Fingon
Galadriel
Lindir
Aredhel
Rúmil
Haldir
Arwen
Beleg
Fingolfin
Legolas
Gil-galad
Thingol
Maedhros
Gildor
Erestor
Celeborn
Caranthir
Orodreth
Finrod
Olwë
Nerdanel
 
Answer Stats
Answer % Correct
Galadriel
64%
Elladan
59%
Arwen
55%
Elrond
55%
Haldir
55%
Legolas
55%
Celeborn
50%
Gil-galad
45%
Glorfindel
45%
Elrohir
32%
Lindir
32%
Erestor
27%
Gildor
27%
Rúmil
27%
Finrod
23%
No matching quizzes found
Score Distribution
Percent of People with Each Score
Percentile by Number Answered
Your Score History
You have not taken this quiz since the last reset